Xây dựng chi hội Hà Nội vững mạnh, đáp ứng lòng tin yêu của văn nghệ sĩ dân tộc thiểu số ở Thủ đô /
Sparad:
| Huvudupphovsman: | |
|---|---|
| Materialtyp: | Artikel |
| Språk: | Vietnamese |
| Ämnen: | |
| Taggar: |
Lägg till en tagg
Inga taggar, Lägg till första taggen!
|
| Thư viện lưu trữ: | Thư viện Trường Đại học Đà Lạt |
|---|
| LEADER | 00877nam a2200277 4500 | ||
|---|---|---|---|
| 001 | DLU160177208 | ||
| 005 | ##20161018 | ||
| 040 | # | # | |a DLU |b vie |
| 041 | # | # | |a vie |
| 044 | # | # | |a vn |
| 100 | # | # | |a Mã Thế Anh. |
| 245 | # | # | |a Xây dựng chi hội Hà Nội vững mạnh, đáp ứng lòng tin yêu của văn nghệ sĩ dân tộc thiểu số ở Thủ đô / |c Mã Thế Anh. |
| 653 | # | # | |a Dân tộc thiểu số |
| 653 | # | # | |a Hà Nội |
| 653 | # | # | |a Phát triển chi hội |
| 653 | # | # | |a Văn nghệ sĩ |
| 773 | # | # | |t Tạp chí Văn hóa các dân tộc |g Số1(251), 2015, tr. 28-29 |
| 920 | # | # | |a Phòng Tạp chí -- Trung tâm Thông tin - Thư viện Trường Đại học Đà Lạt |
| 994 | # | # | |a DLU |
| 900 | # | # | |a True |
| 911 | # | # | |a Nguyễn Thị Mai Anh |
| 925 | # | # | |a G |
| 926 | # | # | |a A |
| 927 | # | # | |a BB |
| 980 | # | # | |a Thư viện Trường Đại học Đà Lạt |